[Event "XXIX Miedzynarodowy Festiwal Szachowy CRACOVIA-2018 Grupa A"]
[Site "Krakow, Hotel Galaxy, ul. Gesia 22a"]
[Date "2018.12.30"]
[Round "5.1"]
[White "Eggink, Ryszard"]
[Black "Klekowski, Maciej"]
[Result "1/2-1/2"]
[BlackElo "2499"]
[WhiteElo "2343"]
[LiveChessVersion "1.4.8"]

1. d4 {[%clk 1:30:57]} f5 {[%clk 1:30:48]} 2. c4 {[%clk 1:30:42]} Nf6
{[%clk 1:31:09]} 3. Nc3 {[%clk 1:30:49]} e6 {[%clk 1:31:26]} 4. Bg5
{[%clk 1:27:11]} Bb4 {[%clk 1:28:53]} 5. Qb3 {[%clk 1:24:54]} Qe7
{[%clk 1:16:53]} 6. Bxf6 {[%clk 1:16:57]} Bxc3+ {[%clk 1:16:27]} 7. Qxc3
{[%clk 1:17:24]} Qxf6 {[%clk 1:16:52]} 8. g3 {[%clk 1:16:55]} Nc6
{[%clk 1:14:32]} 9. e3 {[%clk 1:11:08]} d6 {[%clk 0:43:03]} 10. f4
{[%clk 1:10:47]} O-O {[%clk 0:37:43]} 11. Nf3 {[%clk 1:09:20]} Bd7
{[%clk 0:33:53]} 12. Bg2 {[%clk 1:07:01]} Rae8 {[%clk 0:31:03]} 13. b4
{[%clk 0:59:09]} e5 {[%clk 0:19:23]} 14. dxe5 {[%clk 0:53:03]} dxe5
{[%clk 0:19:44]} 15. b5 e4 {[%clk 0:17:29]} 16. Qxf6 {[%clk 0:49:29]} gxf6
{[%clk 0:17:55]} 17. Nd4 {[%clk 0:42:02]} Nb4 {[%clk 0:13:29]} 18. Rb1
{[%clk 0:22:35]} Nd3+ {[%clk 0:13:23]} 19. Ke2 {[%clk 0:22:13]} Kf7
{[%clk 0:13:44]} 20. Bh3 {[%clk 0:20:19]} Kg6 {[%clk 0:14:07]} 21. Rhd1
{[%clk 0:19:32]} Be6 {[%clk 0:10:55]} 22. Nxe6 {[%clk 0:16:54]} Rxe6
{[%clk 0:11:18]} 23. g4 {[%clk 0:17:22]} fxg4 {[%clk 0:11:41]} 24. Bxg4
{[%clk 0:17:48]} f5 {[%clk 0:12:08]} 25. Bh3 {[%clk 0:18:14]} h6 {[%clk 0:12:26]}
26. Rg1+ {[%clk 0:17:12]} Kh7 {[%clk 0:12:51]} 27. Rg3 {[%clk 0:16:33]} Rg6
{[%clk 0:13:16]} 28. Rbg1 {[%clk 0:12:44]} Rxg3 {[%clk 0:13:31]} 29. Rxg3
{[%clk 0:12:56]} Nc1+ {[%clk 0:06:37]} 30. Kd2 {[%clk 0:12:37]} Nxa2
{[%clk 0:07:01]} 31. Rg1 {[%clk 0:11:55]} Nb4 {[%clk 0:07:17]} 32. Rb1
{[%clk 0:07:15]} Nd3 {[%clk 0:07:28]} 33. Ra1 {[%clk 0:07:17]} Kg6
{[%clk 0:07:04]} 34. Rxa7 {[%clk 0:06:52]} Rd8 {[%clk 0:07:21]} 35. Kc3
{[%clk 0:06:49]} Nc5 {[%clk 0:05:42]} 36. Kb4 {[%clk 0:07:16]} Nd3+
{[%clk 0:06:08]} 37. Kc3 {[%clk 0:07:37]} Nc5 {[%clk 0:01:47]} 38. Kb4
{[%clk 0:08:02]} 1/2-1/2

[Event "XXIX Miedzynarodowy Festiwal Szachowy CRACOVIA-2018 Grupa A"]
[Site "Krakow, Hotel Galaxy, ul. Gesia 22a"]
[Date "2018.12.30"]
[Round "5.2"]
[White "Janik, Igor"]
[Black "Grela, Kacper"]
[Result "1/2-1/2"]
[BlackElo "2305"]
[WhiteElo "2476"]
[LiveChessVersion "1.4.8"]

1. d4 {[%clk 1:30:49]} d5 {[%clk 1:30:49]} 2. c4 {[%clk 1:31:09]} e6
{[%clk 1:31:11]} 3. Nf3 {[%clk 1:31:25]} Nf6 {[%clk 1:31:29]} 4. g3
{[%clk 1:31:49]} Nbd7 {[%clk 1:28:43]} 5. Bg2 {[%clk 1:31:41]} dxc4
{[%clk 1:28:30]} 6. O-O {[%clk 1:31:01]} Be7 {[%clk 1:28:40]} 7. Qc2
{[%clk 1:30:35]} a6 {[%clk 1:28:13]} 8. a4 {[%clk 1:30:53]} O-O {[%clk 1:27:21]}
9. Nbd2 {[%clk 1:28:55]} Nb6 {[%clk 1:20:02]} 10. a5 {[%clk 1:28:55]} Nbd5
{[%clk 1:20:21]} 11. Nxc4 {[%clk 1:29:03]} Bd7 {[%clk 1:15:51]} 12. Nfe5
{[%clk 1:26:29]} Bb5 {[%clk 1:15:04]} 13. Rd1 {[%clk 1:23:42]} c5
{[%clk 1:08:19]} 14. dxc5 {[%clk 1:18:27]} Bxc5 {[%clk 1:07:17]} 15. Nd3
{[%clk 1:15:31]} Rc8 {[%clk 1:02:26]} 16. b3 {[%clk 1:14:42]} Bd4
{[%clk 0:54:38]} 17. Ndb2 {[%clk 1:10:00]} Bc5 {[%clk 0:48:55]} 18. e4
{[%clk 0:57:05]} Nb4 {[%clk 0:48:58]} 19. Qe2 {[%clk 0:57:26]} Qe7
{[%clk 0:46:56]} 20. Bg5 {[%clk 0:48:49]} e5 {[%clk 0:42:45]} 21. Na4
{[%clk 0:43:38]} Bd4 {[%clk 0:38:14]} 22. Rac1 {[%clk 0:42:31]} Nc6
{[%clk 0:37:00]} 23. Qe1 {[%clk 0:38:32]} h6 {[%clk 0:35:28]} 24. Be3
{[%clk 0:38:13]} Bxe3 {[%clk 0:34:44]} 25. fxe3 {[%clk 0:38:21]} Bxa4
{[%clk 0:32:20]} 26. bxa4 {[%clk 0:37:57]} Rcd8 {[%clk 0:31:01]} 27. Rxd8
{[%clk 0:32:24]} Rxd8 {[%clk 0:31:02]} 28. Qc3 {[%clk 0:31:43]} Qc5
{[%clk 0:29:07]} 29. Qb2 {[%clk 0:29:56]} Ng4 {[%clk 0:26:19]} 30. Qb6
{[%clk 0:29:57]} Qe7 {[%clk 0:21:19]} 31. Bf3 {[%clk 0:28:00]} Nf6
{[%clk 0:21:34]} 32. Qb2 {[%clk 0:28:18]} Qc5 {[%clk 0:20:03]} 1/2-1/2

[Event "XXIX Miedzynarodowy Festiwal Szachowy CRACOVIA-2018 Grupa A"]
[Site "Krakow, Hotel Galaxy, ul. Gesia 22a"]
[Date "2018.12.30"]
[Round "5.6"]
[White "Belous, Mikhail"]
[Black "Cukrowski, Filip"]
[Result "0-1"]
[BlackElo "2416"]
[WhiteElo "2299"]
[LiveChessVersion "1.4.8"]

1. d4 {[%clk 1:30:56]} Nf6 {[%clk 1:23:02]} 2. c4 {[%clk 1:31:16]} e6
{[%clk 1:18:38]} 3. Nf3 {[%clk 1:31:34]} b6 {[%clk 1:19:03]} 4. g3
{[%clk 1:31:55]} Ba6 {[%clk 1:19:22]} 5. Qa4 {[%clk 1:32:01]} c6 {[%clk 1:19:46]}
6. Nc3 {[%clk 1:31:28]} d5 {[%clk 1:20:11]} 7. cxd5 {[%clk 1:31:05]} exd5
{[%clk 1:20:36]} 8. Bg5 {[%clk 1:30:35]} b5 {[%clk 1:16:59]} 9. Qc2
{[%clk 1:25:54]} b4 {[%clk 1:12:45]} 10. Na4 {[%clk 1:23:59]} Bb5
{[%clk 1:13:08]} 11. Nc5 {[%clk 1:06:38]} h6 {[%clk 1:06:28]} 12. Bd2
{[%clk 0:54:49]} a5 {[%clk 1:04:19]} 13. a3 {[%clk 0:54:52]} bxa3
{[%clk 0:56:34]} 14. Rxa3 {[%clk 0:53:32]} Nbd7 {[%clk 0:55:50]} 15. Bh3
{[%clk 0:44:32]} Nxc5 {[%clk 0:54:18]} 16. dxc5 {[%clk 0:44:56]} Ne4
{[%clk 0:54:24]} 17. Be3 {[%clk 0:44:49]} Be7 {[%clk 0:51:38]} 18. Bf5
{[%clk 0:42:17]} O-O {[%clk 0:50:42]} 19. Bxe4 {[%clk 0:36:44]} dxe4
{[%clk 0:46:18]} 20. Qxe4 {[%clk 0:37:05]} Bxc5 {[%clk 0:44:46]} 21. Bxc5
{[%clk 0:33:29]} Re8 {[%clk 0:45:10]} 22. Qc2 {[%clk 0:31:22]} Rxe2+
{[%clk 0:45:31]} 23. Qxe2 {[%clk 0:31:44]} Bxe2 {[%clk 0:45:57]} 24. Kxe2
{[%clk 0:31:58]} Qb8 {[%clk 0:45:36]} 25. Rd3 {[%clk 0:24:54]} Qxb2+
{[%clk 0:45:04]} 26. Nd2 {[%clk 0:24:35]} Qb5 {[%clk 0:45:22]} 27. Rc1
{[%clk 0:23:58]} a4 {[%clk 0:39:01]} 28. Rc4 {[%clk 0:23:42]} Re8+
{[%clk 0:32:37]} 29. Kf1 {[%clk 0:22:13]} Re4 {[%clk 0:32:24]} 30. Rxe4
{[%clk 0:15:41]} Qxd3+ {[%clk 0:32:47]} 31. Ke1 {[%clk 0:15:59]} Qc3
{[%clk 0:31:52]} 32. Rc4 {[%clk 0:12:39]} Qa1+ {[%clk 0:29:14]} 33. Ke2
{[%clk 0:13:02]} a3 {[%clk 0:29:23]} 34. Bd4 {[%clk 0:12:22]} Qh1
{[%clk 0:29:48]} 35. Ra4 {[%clk 0:11:10]} Qd5 {[%clk 0:30:07]} 36. Kd1
{[%clk 0:04:56]} c5 {[%clk 0:28:59]} 37. Bc3 {[%clk 0:04:29]} a2 {[%clk 0:28:44]}
38. Kc2 {[%clk 0:03:09]} Qf5+ {[%clk 0:29:00]} 39. Ne4 {[%clk 0:01:47]} Qf3
{[%clk 0:29:22]} 40. g4 {[%clk 0:30:56]} c4 {[%clk 0:57:24]} 41. Rxc4
{[%clk 0:23:07]} Qxc3+ {[%clk 0:57:24]} 42. Rxc3 {[%clk 0:23:27]} a1=Q
{[%clk 0:57:50]} 43. h3 {[%clk 0:23:41]} g6 {[%clk 0:53:02]} 44. Nd2
{[%clk 0:20:23]} Qe1 {[%clk 0:52:03]} 45. Rf3 {[%clk 0:20:20]} Qe2
{[%clk 0:52:22]} 46. Kc3 {[%clk 0:20:33]} Kg7 {[%clk 0:52:00]} 47. Kc2
{[%clk 0:20:34]} f6 {[%clk 0:51:30]} 48. Kc3 {[%clk 0:20:52]} Kf7
{[%clk 0:51:30]} 49. Kc2 {[%clk 0:21:12]} f5 {[%clk 0:51:34]} 50. gxf5
{[%clk 0:16:38]} g5 {[%clk 0:51:53]} 51. f6 {[%clk 0:16:44]} h5 {[%clk 0:48:04]}
52. Kc3 {[%clk 0:14:36]} h4 {[%clk 0:33:30]} 53. Kc2 {[%clk 0:14:38]} Qe6
{[%clk 0:31:07]} 54. Kd3 {[%clk 0:13:55]} g4 {[%clk 0:31:16]} 55. hxg4
{[%clk 0:14:11]} Qxg4 {[%clk 0:31:42]} 56. Ke2 {[%clk 0:11:59]} h3
{[%clk 0:31:53]} 57. Nf1 {[%clk 0:12:17]} Qe4+ {[%clk 0:28:38]} 58. Re3
{[%clk 0:12:29]} Qc4+ {[%clk 0:29:02]} 59. Ke1 {[%clk 0:12:19]} Qb4+
{[%clk 0:29:29]} 60. Ke2 {[%clk 0:11:53]} Qb5+ {[%clk 0:29:01]} 61. Ke1
{[%clk 0:11:46]} Qa5+ {[%clk 0:28:37]} 62. Ke2 {[%clk 0:11:34]} Qh5+
{[%clk 0:28:43]} 63. Rf3 {[%clk 0:11:36]} Qg4 {[%clk 0:29:08]} 64. Ng3
{[%clk 0:08:08]} h2 {[%clk 0:29:23]} 65. Ke3 {[%clk 0:08:20]} Qe6+
{[%clk 0:29:13]} 66. Kd2 {[%clk 0:08:17]} Qe5 {[%clk 0:29:20]} 67. Kd3
{[%clk 0:07:51]} Qe1 {[%clk 0:29:39]} 68. Kd4 {[%clk 0:07:33]} Qb4+
{[%clk 0:28:49]} 69. Ke3 {[%clk 0:07:44]} Qc3+ {[%clk 0:28:11]} 70. Ke2
{[%clk 0:07:58]} Qc1 {[%clk 0:28:35]} 71. Kd3 {[%clk 0:08:09]} Qb2
{[%clk 0:29:00]} 72. Ke3 {[%clk 0:08:14]} Qc2 {[%clk 0:28:35]} 73. Kd4
{[%clk 0:08:08]} Qa4+ {[%clk 0:28:56]} 74. Ke3 {[%clk 0:08:12]} Qd1
{[%clk 0:29:19]} 75. Ke4 {[%clk 0:07:36]} Qd2 {[%clk 0:29:42]} 76. Rf4
{[%clk 0:05:36]} Qe1+ {[%clk 0:29:54]} 77. Kd3 {[%clk 0:05:27]} Qd1+
{[%clk 0:30:01]} 78. Ke3 {[%clk 0:05:39]} Qb3+ {[%clk 0:30:00]} 79. Ke2
{[%clk 0:05:46]} Qb2+ {[%clk 0:29:38]} 80. Ke3 {[%clk 0:05:29]} Qc1+
{[%clk 0:29:52]} 81. Ke4 {[%clk 0:05:36]} Qc6+ {[%clk 0:28:12]} 82. Ke3
{[%clk 0:05:47]} Qc3+ {[%clk 0:28:37]} 83. Ke4 {[%clk 0:05:51]} Qxg3
{[%clk 0:28:59]} 84. fxg3 {[%clk 0:06:15]} h1=Q+ {[%clk 0:29:23]} 85. Ke3
{[%clk 0:06:08]} Qg2 {[%clk 0:29:27]} 86. Rf3 {[%clk 0:06:28]} Qh2
{[%clk 0:28:10]} 87. Kd3 {[%clk 0:06:30]} Qh1 {[%clk 0:28:13]} 88. Ke2
{[%clk 0:06:38]} Qg1 {[%clk 0:28:39]} 89. Kd2 {[%clk 0:06:29]} Qg2+
{[%clk 0:26:35]} 90. Ke3 {[%clk 0:06:43]} Qc2 {[%clk 0:26:46]} 91. Rf4
{[%clk 0:06:49]} Qh2 {[%clk 0:27:07]} 92. Kf3 {[%clk 0:05:53]} Qg1
{[%clk 0:27:31]} 93. Kg4 {[%clk 0:05:59]} Qg2 {[%clk 0:27:49]} 94. Kg5
{[%clk 0:01:09]} Qxg3+ {[%clk 0:28:13]} 95. Kf5 {[%clk 0:01:35]} Qg6+
{[%clk 0:28:01]} 96. Ke5 {[%clk 0:02:00]} Qd3 {[%clk 0:28:27]} 97. Rd4
{[%clk 0:00:32]} Qc3 {[%clk 0:28:51]} 98. Ke4 {[%clk 0:00:36]} Kxf6
{[%clk 0:29:16]} 99. Rd6+ {[%clk 0:00:54]} Ke7 {[%clk 0:29:40]} 100. Rd3
{[%clk 0:01:11]} Qc2 {[%clk 0:30:02]} 101. Kd4 {[%clk 0:01:36]} Kd6
{[%clk 0:30:23]} 102. Ke4+ {[%clk 0:01:56]} Ke6 {[%clk 0:30:10]} 103. Kd4
{[%clk 0:02:14]} Qa4+ {[%clk 0:30:19]} 104. Kc5 {[%clk 0:02:29]} Qa7+
{[%clk 0:30:39]} 105. Kc4 {[%clk 0:02:51]} Ke5 {[%clk 0:31:02]} 106. Rd2
{[%clk 0:03:06]} Qa6+ {[%clk 0:31:24]} 107. Kc3 {[%clk 0:03:31]} Ke4
{[%clk 0:31:50]} 108. Rh2 {[%clk 0:02:56]} Qc8+ {[%clk 0:31:32]} 109. Kd2
{[%clk 0:03:20]} Qd8+ {[%clk 0:29:03]} 110. Ke1 {[%clk 0:03:26]} Qa5+
{[%clk 0:29:30]} 111. Kf2 {[%clk 0:03:22]} Qd2+ {[%clk 0:29:40]} 112. Kg3
{[%clk 0:03:32]} Qe1+ {[%clk 0:27:52]} 113. Kg2 {[%clk 0:03:51]} Kf4
{[%clk 0:28:16]} 114. Rh3 {[%clk 0:04:03]} Kg4 {[%clk 0:28:22]} 115. Rh2
{[%clk 0:04:17]} Qc1 {[%clk 0:26:41]} 116. Kf2 {[%clk 0:04:34]} Qd1
{[%clk 0:27:03]} 117. Rg2+ {[%clk 0:04:48]} Kf4 {[%clk 0:27:31]} 118. Rh2
{[%clk 0:05:08]} Qd2+ {[%clk 0:27:56]} 119. Kg1 {[%clk 0:05:33]} Qe1+
{[%clk 0:28:22]} 120. Kg2 {[%clk 0:05:57]} Kg4 {[%clk 0:28:48]} 0-1

[Event "XXIX Miedzynarodowy Festiwal Szachowy CRACOVIA-2018 Grupa A"]
[Site "Krakow, Hotel Galaxy, ul. Gesia 22a"]
[Date "2018.12.30"]
[Round "5.14"]
[White "Jarmula, Lukasz"]
[Black "Piotrowski, Przemyslaw"]
[Result "1-0"]
[BlackElo "2269"]
[WhiteElo "2481"]
[LiveChessVersion "1.4.8"]

1. d4 Nf6 2. c4 g6 3. Nc3 Bg7 4. e4 d6 5. Be2 O-O 6. Nf3 e5 7. O-O exd4 8. Nxd4
Nc6 9. Be3 Re8 10. f3 Nh5 11. Qd2 Nf4 12. Rfd1 Bxd4 13. Bxd4 Nxd4 14. Qxf4 Nxe2+
15. Nxe2 Qe7 16. Nc3 Be6 17. b3 Rad8 18. Qe3 b6 19. Qf4 Qf8 20. Nb5 Re7 21. Nxa7
Bd7 22. a4 Qg7 23. Qd2 Ra8 24. Nb5 Bxb5 25. cxb5 Rae8 26. Qd4 Re5 27. Rac1 R8e7
28. Qc3 f5 29. Rd5 Qh6 30. Rxe5 Rxe5 31. Qc4+ Kh8 32. Rf1 fxe4 33. fxe4 Qe3+ 34.
Kh1 Re7 35. h3 Qc5 36. Qd3 Qe5 37. Qf3 Re8 38. Rc1 Qg7 39. Qc3 Qxc3 40. Rxc3 Re7
41. Rc4 Kg7 42. b4 Kf6 43. a5 bxa5 44. bxa5 Re5 45. Rb4 Re8 46. b6 cxb6 47. axb6
Rb8 48. b7 Ke6 49. Kh2 Kd7 50. Kg3 Kc7 51. Kg4 Rxb7 52. Rxb7+ Kxb7 53. Kg5 Kc6
54. Kf6 Kc5 55. e5 1-0

[Event "XXIX Miedzynarodowy Festiwal Szachowy CRACOVIA-2018 Grupa A"]
[Site "Krakow, Hotel Galaxy, ul. Gesia 22a"]
[Date "2018.12.30"]
[Round "5.15"]
[White "Goluch, Piotr"]
[Black "Schreiner, Peter"]
[Result "1/2-1/2"]
[BlackElo "2479"]
[WhiteElo "2273"]
[LiveChessVersion "1.4.8"]

1. d4 Nf6 2. c4 g6 3. Nc3 Bg7 4. e4 d6 5. Be2 O-O 6. Be3 c5 7. dxc5 Qa5 8. Bf3
dxc5 9. Qa4 Qxa4 10. Nxa4 Nfd7 11. O-O-O Nb6 12. Nxc5 Nxc4 13. Bd4 Bh6+ 14. Kc2
Nc6 15. Bc3 b6 16. Nd3 Ba6 17. e5 Bb7 18. Nb4 Nxb4+ 19. Bxb4 Rac8 20. Kb1 Ba6 21.
Be2 Rfd8 22. Rxd8+ Rxd8 23. b3 Bb7 24. Bf3 a5 25. bxc4 Bxf3 26. Nxf3 axb4 27. Kc2
e6 28. Rd1 Ra8 29. Kb2 Bf8 30. Rd7 h6 31. Nd2 g5 32. Ne4 Ra5 33. Rd8 Rxe5 34.
Nf6+ Kg7 35. Nh5+ Kg8 36. Nf6+ Kg7 1/2-1/2

[Event "XXIX Miedzynarodowy Festiwal Szachowy CRACOVIA-2018 Grupa A"]
[Site "Krakow, Hotel Galaxy, ul. Gesia 22a"]
[Date "2018.12.30"]
[Round "5.16"]
[White "Kyc, Jerzy"]
[Black "Gumularz, Szymon"]
[Result "0-1"]
[BlackElo "2462"]
[WhiteElo "2280"]
[LiveChessVersion "1.4.8"]

1. e4 c5 2. Nf3 Nc6 3. d4 cxd4 4. Nxd4 {[%clk 1:32:03]} g6 5. Nc3 Bg7 6. Be3 Nf6
7. Nxc6 bxc6 8. e5 Ng8 9. Bd4 f6 10. Qe2 fxe5 {[%clk 1:31:20]} 11. Bxe5 Nf6 12.
O-O-O {[%clk 1:30:42]} O-O {[%clk 1:31:42]} 13. f3 {[%clk 1:23:05]} Qa5
{[%clk 1:30:09]} 14. Bd4 Rf7 15. Qe1 {[%clk 1:02:40]} Ba6 {[%clk 1:12:07]} 16.
Bxa6 {[%clk 0:51:49]} Qxa6 {[%clk 1:12:32]} 17. f4 Rb8 18. Kb1 {[%clk 0:30:20]}
d6 19. b3 c5 20. Bxf6 Bxf6 21. Nd5 Bg7 {[%clk 0:58:14]} 22. Qe4 c4 23. Rhe1 Qa3
24. Rd4 e6 25. Nc3 cxb3 26. cxb3 Rxb3+ 27. axb3 Qxb3+ 28. Ka1 Qxc3+ 29. Ka2 Bxd4
30. Qa8+ Rf8 31. Qxf8+ Kxf8 0-1

[Event "XXIX Miedzynarodowy Festiwal Szachowy CRACOVIA-2018 Grupa A"]
[Site "Krakow, Hotel Galaxy, ul. Gesia 22a"]
[Date "2018.12.30"]
[Round "5.17"]
[White "Chylewski, Patryk"]
[Black "Tomczak, Mikolaj"]
[Result "1/2-1/2"]
[BlackElo "2442"]
[WhiteElo "2268"]
[LiveChessVersion "1.4.8"]

1. d4 {[%clk 1:30:56]} c5 {[%clk 1:30:56]} 2. d5 {[%clk 1:31:00]} e6
{[%clk 1:31:21]} 3. c4 {[%clk 1:28:35]} exd5 {[%clk 1:31:47]} 4. cxd5
{[%clk 1:29:01]} d6 {[%clk 1:32:11]} 5. Nc3 {[%clk 1:29:14]} a6 {[%clk 1:32:35]}
6. a4 {[%clk 1:27:11]} g6 {[%clk 1:32:59]} 7. Nf3 {[%clk 1:26:49]} Bg7
{[%clk 1:33:08]} 8. Nd2 {[%clk 1:23:36]} Nd7 {[%clk 1:31:18]} 9. Nc4
{[%clk 1:23:37]} Ne5 {[%clk 1:30:07]} 10. Na3 {[%clk 1:19:46]} f5
{[%clk 1:27:16]} 11. Bf4 {[%clk 1:15:20]} Ne7 {[%clk 1:20:22]} 12. e3
{[%clk 1:14:47]} Rb8 {[%clk 1:18:41]} 13. h4 {[%clk 1:13:29]} O-O
{[%clk 1:06:17]} 14. Be2 {[%clk 1:03:58]} h6 {[%clk 0:59:02]} 15. Qd2
{[%clk 1:00:19]} Nf7 {[%clk 0:55:37]} 16. Bg3 {[%clk 0:57:27]} g5
{[%clk 0:50:00]} 17. h5 {[%clk 0:54:53]} Kh8 {[%clk 0:42:22]} 18. O-O
{[%clk 0:52:08]} Ne5 {[%clk 0:38:03]} 19. Rab1 {[%clk 0:48:56]} Ng8
{[%clk 0:29:52]} 20. b4 {[%clk 0:44:12]} cxb4 {[%clk 0:30:10]} 21. Rxb4
{[%clk 0:44:35]} Ra8 {[%clk 0:24:21]} 22. Nc2 {[%clk 0:40:17]} Nf6
{[%clk 0:23:31]} 23. Rfb1 {[%clk 0:36:10]} Qe8 {[%clk 0:18:46]} 24. Nd4
{[%clk 0:27:26]} Nxh5 {[%clk 0:18:23]} 25. Bxh5 {[%clk 0:27:39]} Qxh5
{[%clk 0:18:48]} 26. Ne6 {[%clk 0:27:29]} Bxe6 {[%clk 0:19:09]} 27. dxe6
{[%clk 0:27:52]} Rae8 {[%clk 0:15:04]} 28. Qxd6 {[%clk 0:19:15]} Ng6
{[%clk 0:08:34]} 29. Rxb7 {[%clk 0:11:42]} f4 {[%clk 0:07:35]} 30. Rxg7
{[%clk 0:08:48]} fxg3 {[%clk 0:06:39]} 31. Rf7 {[%clk 0:09:10]} gxf2+
{[%clk 0:04:16]} 32. Kxf2 {[%clk 0:08:53]} Qg4 {[%clk 0:03:16]} 33. Rxf8+
{[%clk 0:05:20]} Rxf8+ {[%clk 0:03:28]} 34. Kg1 {[%clk 0:04:26]} Qf5
{[%clk 0:03:14]} 35. Qd4+ {[%clk 0:02:51]} Kg8 {[%clk 0:03:35]} 36. Qe4
{[%clk 0:01:17]} Qf2+ {[%clk 0:01:30]} 37. Kh1 {[%clk 0:01:25]} Ne7
{[%clk 0:01:53]} 38. Rd1 {[%clk 0:00:44]} Nf5 {[%clk 0:02:02]} 39. Kh2
{[%clk 0:00:38]} Qxe3 {[%clk 0:00:33]} 40. Qxe3 {[%clk 0:30:35]} Nxe3
{[%clk 0:30:59]} 41. Rd6 {[%clk 0:15:51]} Kg7 {[%clk 0:27:06]} 42. Rxa6
{[%clk 0:10:45]} Kf6 {[%clk 0:26:51]} 43. Ne4+ {[%clk 0:09:53]} Ke7
{[%clk 0:26:41]} 44. Nc5 {[%clk 0:08:22]} Rc8 {[%clk 0:25:24]} 45. Ra7+
{[%clk 0:06:22]} Kd6 {[%clk 0:25:25]} 46. e7 {[%clk 0:04:16]} Nd5
{[%clk 0:25:23]} 47. Ne4+ {[%clk 0:03:52]} Ke6 {[%clk 0:25:45]} 48. Ra6+
{[%clk 0:03:39]} Kxe7 {[%clk 0:26:10]} 49. Rxh6 {[%clk 0:03:54]} Rc4
{[%clk 0:26:33]} 50. Nxg5 {[%clk 0:03:57]} 1/2-1/2

[Event "XXIX Miedzynarodowy Festiwal Szachowy CRACOVIA-2018 Grupa A"]
[Site "Krakow, Hotel Galaxy, ul. Gesia 22a"]
[Date "2018.12.30"]
[Round "5.18"]
[White "Kosakowski, Jakub"]
[Black "Czerw, Dawid"]
[Result "1/2-1/2"]
[BlackElo "2275"]
[WhiteElo "2415"]
[LiveChessVersion "1.4.8"]

1. e4 {[%clk 1:30:48]} e6 {[%clk 1:30:54]} 2. d3 {[%clk 1:29:42]} d5
{[%clk 1:30:51]} 3. Nd2 {[%clk 1:30:05]} c5 {[%clk 1:30:19]} 4. Ngf3
{[%clk 1:30:20]} Nc6 {[%clk 1:30:39]} 5. g3 {[%clk 1:30:43]} g6 {[%clk 1:30:54]}
6. Bg2 {[%clk 1:30:54]} Bg7 {[%clk 1:31:18]} 7. O-O {[%clk 1:30:55]} Nge7
{[%clk 1:30:30]} 8. Re1 {[%clk 1:30:43]} b6 {[%clk 1:27:55]} 9. e5
{[%clk 1:29:17]} Qc7 {[%clk 1:26:58]} 10. Qe2 {[%clk 1:29:29]} g5
{[%clk 1:25:34]} 11. Nxg5 {[%clk 1:19:39]} Qxe5 {[%clk 1:25:44]} 12. Qxe5
{[%clk 1:15:54]} Nxe5 {[%clk 1:24:19]} 13. Nh3 {[%clk 1:13:11]} N5g6
{[%clk 1:19:59]} 14. f4 {[%clk 1:13:08]} Bb7 {[%clk 1:14:31]} 15. Nf3
{[%clk 1:13:00]} O-O {[%clk 1:12:35]} 16. Nf2 {[%clk 1:13:07]} Nc6
{[%clk 1:05:41]} 17. c3 {[%clk 1:13:06]} Rfd8 {[%clk 1:00:25]} 18. Bd2
{[%clk 1:13:12]} b5 {[%clk 0:59:29]} 19. Rac1 {[%clk 1:11:51]} a5
{[%clk 0:57:35]} 20. h4 {[%clk 1:11:35]} Rac8 {[%clk 0:49:36]} 21. Ng4
{[%clk 1:06:47]} Nge7 {[%clk 0:43:04]} 22. Nge5 {[%clk 1:05:30]} Nxe5
{[%clk 0:35:16]} 23. fxe5 {[%clk 1:04:32]} b4 {[%clk 0:34:05]} 24. d4
{[%clk 1:04:29]} bxc3 {[%clk 0:28:58]} 25. bxc3 {[%clk 1:01:43]} Ba6
{[%clk 0:26:18]} 26. Bf1 {[%clk 1:00:51]} Bxf1 {[%clk 0:23:43]} 27. Rxf1
{[%clk 1:01:13]} cxd4 {[%clk 0:22:23]} 28. cxd4 {[%clk 1:01:36]} Nc6
{[%clk 0:21:44]} 29. Rc3 {[%clk 0:55:30]} Nb4 {[%clk 0:18:54]} 30. Ra3
{[%clk 0:55:27]} Rc2 {[%clk 0:16:56]} 31. Rxa5 {[%clk 0:52:17]} Nxa2
{[%clk 0:15:59]} 32. Rf2 {[%clk 0:44:18]} Nc1 {[%clk 0:11:44]} 33. Bg5
{[%clk 0:29:55]} Rxf2 {[%clk 0:11:19]} 34. Kxf2 {[%clk 0:30:20]} Rc8
{[%clk 0:10:40]} 35. Ra7 {[%clk 0:30:39]} h6 {[%clk 0:09:55]} 36. Bd2
{[%clk 0:28:02]} Nd3+ {[%clk 0:08:16]} 37. Ke2 {[%clk 0:28:06]} Nb2
{[%clk 0:08:15]} 38. g4 {[%clk 0:27:54]} Nc4 {[%clk 0:07:46]} 39. Bb4
{[%clk 0:28:19]} Bf8 {[%clk 0:06:32]} 40. Bxf8 {[%clk 0:58:33]} Rxf8
{[%clk 0:36:47]} 41. g5 {[%clk 0:58:44]} Kg7 {[%clk 0:33:22]} 42. Kf2
{[%clk 0:54:52]} Kg6 {[%clk 0:28:45]} 43. gxh6 {[%clk 0:50:54]} Kxh6
{[%clk 0:26:42]} 44. Ng5 {[%clk 0:51:00]} Kh5 {[%clk 0:21:50]} 45. Kf3
{[%clk 0:40:57]} Kxh4 {[%clk 0:18:43]} 46. Kf4 {[%clk 0:41:17]} Kh5
{[%clk 0:18:06]} 47. Rxf7 {[%clk 0:41:40]} Rxf7+ {[%clk 0:18:32]} 48. Nxf7
{[%clk 0:42:06]} Na3 {[%clk 0:15:09]} 49. Nd8 {[%clk 0:42:22]} Nc2
{[%clk 0:14:12]} 50. Nxe6 {[%clk 0:42:44]} Kg6 {[%clk 0:14:37]} 51. Kg4
{[%clk 0:42:47]} Ne3+ {[%clk 0:14:25]} 52. Kf3 {[%clk 0:43:07]} Nc2
{[%clk 0:14:24]} 53. Kf4 {[%clk 0:43:29]} Nb4 {[%clk 0:13:30]} 54. Nd8
{[%clk 0:32:15]} Nd3+ {[%clk 0:12:43]} 55. Ke3 {[%clk 0:31:47]} Nb4
{[%clk 0:09:12]} 56. Kd2 {[%clk 0:31:17]} Kf5 {[%clk 0:08:23]} 57. Kc3
{[%clk 0:31:34]} Na2+ {[%clk 0:08:04]} 58. Kb2 {[%clk 0:30:22]} Nb4
{[%clk 0:08:30]} 59. Kb3 {[%clk 0:30:46]} Nd3 {[%clk 0:08:46]} 60. Nc6
{[%clk 0:31:08]} Nf4 {[%clk 0:08:49]} 61. Nd8 {[%clk 0:28:31]} Ne2
{[%clk 0:08:25]} 1/2-1/2

[Event "XXIX Miedzynarodowy Festiwal Szachowy CRACOVIA-2018 Grupa A"]
[Site "Krakow, Hotel Galaxy, ul. Gesia 22a"]
[Date "2018.12.30"]
[Round "5.19"]
[White "Mis, Mieszko"]
[Black "Grib, Roman"]
[Result "0-1"]
[BlackElo "2412"]
[WhiteElo "2260"]
[LiveChessVersion "1.4.8"]

1. c4 {[%clk 1:30:52]} c5 {[%clk 1:30:17]} 2. Nf3 {[%clk 1:30:29]} Nc6
{[%clk 1:28:41]} 3. Nc3 {[%clk 1:29:49]} g6 {[%clk 1:28:55]} 4. e3
{[%clk 1:27:48]} Nf6 {[%clk 1:22:06]} 5. d4 {[%clk 1:28:10]} cxd4
{[%clk 1:22:16]} 6. exd4 {[%clk 1:28:36]} d5 {[%clk 1:22:32]} 7. cxd5
{[%clk 1:29:02]} Nxd5 {[%clk 1:22:59]} 8. Qb3 {[%clk 1:29:11]} e6
{[%clk 1:21:47]} 9. Bb5 {[%clk 1:25:43]} Bg7 {[%clk 1:19:46]} 10. O-O
{[%clk 1:11:04]} O-O {[%clk 1:17:35]} 11. Bg5 {[%clk 1:09:05]} Nxd4
{[%clk 1:15:36]} 12. Nxd4 {[%clk 0:57:31]} Qxg5 {[%clk 1:15:53]} 13. Nf3
{[%clk 0:57:45]} Qf6 {[%clk 1:08:07]} 14. Nxd5 {[%clk 0:50:13]} exd5
{[%clk 1:08:33]} 15. Qxd5 {[%clk 0:50:09]} Rd8 {[%clk 0:41:34]} 16. Qe4
{[%clk 0:45:50]} Bf5 {[%clk 0:36:02]} 17. Qxb7 {[%clk 0:35:04]} Rab8
{[%clk 0:33:18]} 18. Qa6 {[%clk 0:32:25]} Qxa6 {[%clk 0:20:06]} 19. Bxa6
{[%clk 0:32:52]} Rxb2 {[%clk 0:20:33]} 20. Bc4 {[%clk 0:32:15]} Rb4
{[%clk 0:20:18]} 21. Rac1 {[%clk 0:22:57]} Bb2 {[%clk 0:20:42]} 22. Bb3
{[%clk 0:17:12]} Bxc1 {[%clk 0:20:59]} 23. Rxc1 {[%clk 0:17:40]} Rc8
{[%clk 0:08:05]} 24. Re1 {[%clk 0:16:17]} Re4 {[%clk 0:08:01]} 25. Rf1
{[%clk 0:16:16]} h6 {[%clk 0:07:49]} 26. h3 {[%clk 0:16:29]} Be6 {[%clk 0:08:06]}
27. Rd1 {[%clk 0:13:51]} a5 {[%clk 0:06:43]} 28. Bxe6 {[%clk 0:12:52]} Rxe6
{[%clk 0:05:47]} 29. Rd5 {[%clk 0:11:13]} Rc1+ {[%clk 0:03:32]} 30. Kh2
{[%clk 0:11:41]} Re2 {[%clk 0:03:51]} 31. Rxa5 {[%clk 0:10:17]} Rxf2
{[%clk 0:04:16]} 32. a4 {[%clk 0:09:40]} Rcc2 {[%clk 0:04:11]} 33. Ne1
{[%clk 0:09:32]} Ra2 {[%clk 0:04:33]} 34. Kg3 {[%clk 0:07:58]} Rfe2
{[%clk 0:04:51]} 35. Nf3 {[%clk 0:08:07]} Rxg2+ {[%clk 0:05:16]} 36. Kf4
{[%clk 0:08:35]} Ra3 {[%clk 0:04:36]} 0-1